000
00385nam a22001577a 4500
003
MPLRDC
005
20220104114109.0
008
210129b ||||| |||| 00| 0 eng d
082
_a
610.11 WMZ c.3
100
_a
王敏政编著
245
_a
读史记、学处世
_c
260
_a
_b
积奇出版社
_c
300
_b
平
650
_a
中国通史--史记
942
_c
BK
_o
610.11 WMZ c.3
999
_c
4793
_d
4783